[Event "Turkey IS Bank Super League 2017"]
[Site "Darica-Kocaeli"]
[Date "2017.07.29"]
[Round "4"]
[White "Karavade, Eesha"]
[Black "Yildiz, Betul Cemre"]
[Result "1/2-1/2"]
[WhiteElo "2397"]
[BlackElo "2326"]
[Annotator "NA"]
[PlyCount "83"]
[EventType "team-tourn"]
[EventCountry "TUR"]
[SourceTitle "playchess.com"]
[Source "ChessBase"]
[SourceQuality "1"]
[TimeControl "40/5400+30:1800+30"]

1. e4 {[%emt 0:01:30]} e5 {[%emt 0:01:00]} 2. Nf3 {[%emt 0:00:30]} Nc6 {[%emt 0:00:30]} 3. Bc4 {[%emt 0:00:00]} Bc5 {[%emt 0:00:00]} 4. c3 {[%emt 0:00:00]} Nf6 {[%emt 0:01:00]} 5. d3 {[%emt 0:00:00]} d6 {[%emt 0:00:30]} 6. O-O {[%emt 0:02:00]} h6 {[%emt 0:01:30]} 7. Nbd2 {[%emt 0:00:30]} O-O {[%emt 0:02:30]} 8. Re1 {[%emt 0:07:30]} a6 {[%emt 0:05:30]} 9. Bb3 {[%emt 0:00:30]} Ba7 {[%emt 0:04:30]} 10. h3 {[%emt 0:08:30]} Ne7 {[%emt 0:05:30] LiveBook: 57 Games} 11. Nf1 {[%emt 0:03:30]} Ng6 {[%emt 0:01:30]} 12. Ng3 {[%emt 0:00:30]} c6 $14 {[%emt 0:11:30]} 13. d4 {[%emt 0:05:30]} Qc7 {[%emt 0:00:30]} 14. Be3 {[%emt 0:08:30]} Re8 {[%emt 0:04:30]} 15. Qd2 {[%emt 0:07:30]} Kh7 {[%emt 0:12:30]} 16. Rad1 {[%emt 0:08:30]} Be6 {[%emt 0:04:30]} 17. Qc2 {[%emt 0:08:30]} Bxb3 {[%emt 0:06:30]} 18. axb3 {[%emt 0:00:30]} exd4 {[%emt 0:01:30]} 19. Bxd4 {[%emt 0:02:30]} Bxd4 {[%emt 0:01:30]} 20. Nxd4 {[%emt 0:00:00]} d5 {[%emt 0:01:30]} 21. Ndf5 {[%emt 0:11:00]} dxe4 {[%emt 0:03:30]} 22. Nxe4 {[%emt 0:00:30]} Nxe4 {[%emt 0:01:30]} 23. Rxe4 {[%emt 0:00:30]} Rad8 {[%emt 0:05:30]} 24. Rde1 {[%emt 0:03:42]} Rxe4 {[%emt 0:02:30]} 25. Rxe4 {[%emt 0:00:18]} Rd5 {[%emt 0:03:00]} 26. Ne3 {[%emt 0:01:03]} Re5 {[%emt 0:00:49]} 27. b4 {[%emt 0:00:33]} a5 {[%emt 0:02:13]} 28. Rxe5 {[%emt 0:01:16]} Qxe5 {[%emt 0:00:02]} 29. bxa5 {[%emt 0:00:28]} Qxa5 {[%emt 0:00:04]} 30. g3 {[%emt 0:01:07]} Kg8 {[%emt 0:02:15]} 31. Kg2 {[%emt 0:00:48]} Qg5 {[%emt 0:06:33]} 32. Qe4 {[%emt 0:09:01]} Qe5 {[%emt 0:00:03]} 33. Qxe5 {[%emt 0:00:53]} Nxe5 {[%emt 0:00:30]} 34. f4 {[%emt 0:00:22]} Nd7 {[%emt 0:03:53]} 35. Kf3 {[%emt 0:01:17]} Kf8 {[%emt 0:00:05]} 36. g4 {[%emt 0:02:21]} g6 {[%emt 0:01:47]} 37. h4 {[%emt 0:02:13]} Ke7 {[%emt 0:01:32]} 38. Ke4 {[%emt 0:00:03]} Nc5+ {[%emt 0:00:53]} 39. Kd4 {[%emt 0:00:35]} Ne6+ {[%emt 0:00:30]} 40. Ke4 {[%emt 0:00:00]} Nc5+ {[%emt 0:30:12]} 41. Kd4 {[%emt 0:01:00]} Ne6+ {[%emt 0:00:00]} 42. Ke4 {[%emt 0:00:00]} 1/2-1/2

[Event "Turkey IS Bank Super League 2017"]
[Site "Darica-Kocaeli"]
[Date "2017.07.29"]
[Round "4"]
[White "Osmak, Iulija"]
[Black "Batsiashvili, Nino"]
[Result "0-1"]
[WhiteElo "2353"]
[BlackElo "2475"]
[Annotator "TA"]
[PlyCount "94"]
[EventType "team-tourn"]
[EventCountry "TUR"]
[SourceTitle "playchess.com"]
[Source "ChessBase"]
[SourceQuality "1"]

{[%evp 21,94,20,31,23,20,0,-6,-18,-10,-50,-2,-51,0,-42,-54,-49,-56,-88,-41,-170,-170,-158,-169,-330,-308,-327,-272,-865,-855,-907,-889,-883,-884,-1019,-409,-405,-430,-420,-406,-407,-373,-506,-220,-506,-506,-402,-542,-517,-465,-539,-459,-439,-392,-722,-685,-798,-789,-822,-801,-29960,-29960,-29963,-29963,-29956,-5035,-6079,-7052,-5023,-5620,-29974,-29975,-29976,-29976,-29974,-29970]} 1. e4 e5 2. Nf3 Nc6 3. Bb5 a6 4. Ba4 g6 5. O-O Bg7 6. c3 d6 7. d4 Bd7 8. d5 Nce7 9. Bxd7+ Qxd7 10. c4 h6 11. Nc3 f5 12. Nd2 {C76: Ruy Lopez: Deferred Steinitz: 5 c3 Bd7 6 d4 g6} (12. Ne1 Nf6 13. f3 O-O 14. Nd3 g5 15. exf5 Qxf5 16. Nf2 b5 17. Qe2 c6 18. Nfe4 Nxe4 19. Nxe4 bxc4 20. Nxd6 {0-1 (53) Gopal,G (2579)-Caruana,F (2827) Caleta 2017}) 12... Nf6 13. f3 O-O 14. b4 {The position is equal.} c6 15. Bb2 Kh7 $146 ({Find the theoretical novelty and annotate with similar games:} 15... b5 16. dxc6 Qxc6 17. Qe2 bxc4 18. Qxc4+ d5 19. exd5 Qxc4 20. Nxc4 Nfxd5 21. Nxd5 Nxd5 {½-½ (30) Azarov,S (2432)-Van Beek,L (2326) Hengelo 1999}) 16. Nb3 b5 (16... cxd5 $15 17. cxd5 Rac8) 17. c5 fxe4 18. fxe4 Rad8 19. a4 cxd5 {Threatens to win with ...d4.} (19... bxa4 {looks sharper.} 20. cxd6 axb3 21. dxe7 Qa7+ 22. Kh1 Qxe7 23. Ba3 b2) 20. exd5 ({White should try} 20. cxd6 $1 $15 Qxd6 21. axb5) 20... bxa4 $19 21. cxd6 Qxd6 ({Don't take} 21... axb3 22. dxe7 Qxe7 23. Qxb3 $17) 22. Rxa4 $2 (22. Nc5 Nfxd5 23. Rxf8 Rxf8 24. N3e4) 22... Nexd5 {Strongly threatening ...Qb6+.} ({Less strong is} 22... Nfxd5 23. Rxf8 Bxf8 24. Nc5 $19) 23. Nc5 Qb6 24. Qb3 $2 (24. Rxa6 Nxc3 25. Qc2 Qxb4 26. Qxc3) 24... Nxc3 25. Bxc3 Ne4 $1 26. Rxf8 Rxf8 27. Qc4 Qb5 (27... Nxc3 $142 28. Qxc3 e4 29. Qxg7+ Kxg7) 28. Qxb5 axb5 29. Ra3 Nxc3 30. Rxc3 {[%mdl 4096] Endgame [#] KRB-KRN} e4 $1 {[%mdl 512] ( -> ...Bd4+)} 31. Rc1 (31. Nxe4 Bd4+) 31... Bd4+ 32. Kh1 {Black must now prevent Ne6.} Bb2 33. Rb1 e3 {...e2 is the strong threat.} 34. Ne4 Rf4 35. Ng3 Rxb4 36. Ne2 {[#]} Bc3 $1 {[%mdl 512]} 37. Rc1 $2 (37. Rxb4 Bxb4 38. Kg1) (37. Nxc3 Rxb1+) 37... Be5 38. g3 Rb2 39. Re1 b4 40. Nc1 Bc3 41. Rxe3 Rb1 42. Re7+ Kg8 43. Kg2 Rxc1 44. Rb7 Rb1 45. Kf3 b3 {[%cal Bb4b3,Bb3b2][%mdl 32] Black mates.} 46. Ke4 b2 47. Kd3 Rc1 {Precision: White = 33%, Black = 76%.} 0-1

[Event "Turkey IS Bank Super League 2017"]
[Site "Darica-Kocaeli"]
[Date "2017.07.29"]
[Round "4"]
[White "Yurtseven, Melih"]
[Black "Sadikhov, Ulvi"]
[Result "1/2-1/2"]
[WhiteElo "2353"]
[BlackElo "2494"]
[Annotator "TA"]
[PlyCount "68"]
[EventType "team-tourn"]
[EventCountry "TUR"]
[SourceTitle "playchess.com"]
[Source "ChessBase"]
[SourceQuality "1"]

{[%evp 19,68,22,23,37,59,60,72,72,76,81,76,76,83,80,90,82,72,50,46,43,67,45,42,50,39,49,38,0,70,0,0,0,76,64,43,61,41,53,123,84,75,0,0,0,0,0,0,0,0,0,0]} 1. Nf3 Nf6 2. g3 g6 3. b3 Bg7 4. Bb2 O-O 5. Bg2 d6 6. d4 Nbd7 7. O-O e5 8. dxe5 Ng4 9. Nc3 Ngxe5 10. Nxe5 Nxe5 11. Qd2 {A49: 1 d4 Nf6 2 Nf3 g6 3 g3: Anti-King's Indian systems} Re8 (11... Rb8 12. Rab1 Bd7 13. Rfd1 Bc6 14. Nd5 Re8 15. c4 a6 16. Rbc1 Bd7 17. c5 Be6 18. cxd6 cxd6 {1-0 (53) Fressinet,L (2660)-Mohammad,S (2357) Nancy 2017}) 12. Rad1 Nc6 13. Na4 {White is better.} Bxb2 14. Nxb2 Bg4 $146 ({Find the theoretical novelty and annotate with similar games:} 14... Be6 15. c4 Qc8 16. Rfe1 Ne5 17. Na4 Nd7 18. Nc3 a5 {1-0 (39) Lisitsin,G-Liublinsky,V Leningrad 1955}) 15. Rfe1 Qf6 16. Na4 {[%cal Bb2a4,Ba4c3,Bc3b5][%mdl 32]} a5 17. Nc3 Be6 18. h4 {[%cal Bh2h4,Bh4h5][%mdl 32]} Rad8 19. Nb5 Re7 20. c4 (20. Bxc6 $5 bxc6 21. Nd4 $14) 20... a4 21. Nc3 axb3 22. axb3 Ra8 23. h5 Ra3 (23... gxh5 $11 24. Ne4 Qf5) 24. Ra1 (24. h6 $14) 24... Rxa1 $11 25. Rxa1 {[#] White threatens Ra8+ and mate.} Re8 (25... gxh5 $11 26. Ra8+ Kg7) 26. Bxc6 bxc6 27. Ra7 Rc8 28. h6 Bf5 (28... Qe5 $14) 29. Qe3 Kf8 30. f3 ({White should try} 30. Ra5 $16) 30... Re8 {The position is equal.} 31. Qd2 Qe5 32. Kg2 Qe3 $1 {[%cal Re3d2]} 33. Qxe3 Rxe3 34. Ne4 Bxe4 {Precision: White = 62%, Black = 47%.} ({Don't go for} 34... Rxb3 $2 35. Ng5 $18) 1/2-1/2

[Event "Turkey IS Bank Super League 2017"]
[Site "Darica-Kocaeli"]
[Date "2017.07.29"]
[Round "4"]
[White "Ozen, Deniz"]
[Black "Yazici, Ugur Doga"]
[Result "1-0"]
[WhiteElo "2351"]
[BlackElo "2144"]
[Annotator "NA"]
[PlyCount "41"]
[EventType "team-tourn"]
[EventCountry "TUR"]
[SourceTitle "playchess.com"]
[Source "ChessBase"]
[SourceQuality "1"]
[TimeControl "40/5400+30:1800+30"]

1. e4 {[%emt 0:01:30]} e5 {[%emt 0:01:00]} 2. Nf3 {[%emt 0:00:30]} Nc6 {[%emt 0:00:30]} 3. Bb5 {[%emt 0:00:00]} Nf6 {[%emt 0:00:30]} 4. d3 {[%emt 0:00:00]} Bc5 {[%emt 0:00:00] LiveBook: 2404 Games} 5. Be3 {[%emt 0:00:00]} Bxe3 {[%emt 0:02:00]} 6. fxe3 {[%emt 0:00:00]} d6 {[%emt 0:00:30]} 7. c3 {[%emt 0:02:30]} O-O {[%emt 0:00:30]} 8. O-O {[%emt 0:00:00]} Bd7 {[%emt 0:01:30]} 9. Nbd2 {[%emt 0:04:00]} Re8 {[%emt 0:01:30]} 10. Qe2 {[%emt 0:07:30]} a6 {[%emt 0:03:30]} 11. Ba4 {[%emt 0:00:00]} d5 {[%emt 0:02:30]} 12. exd5 {[%emt 0:04:00]} Nxd5 {[%emt 0:00:30]} 13. Ne4 {[%emt 0:00:30]} Na5 $2 {[%emt 0:12:30]} (13... h6 $16) 14. Bxd7 {[%emt 0:07:30]} Qxd7 $18 {[%emt 0:00:30]} 15. c4 {[%emt 0:06:30]} Nb4 {[%emt 0:09:30]} 16. Nfg5 {[%emt 0:02:30]} Qxd3 {[%emt 0:24:30]} 17. Qh5 {[%emt 0:01:30]} h6 {[%emt 0:02:30]} 18. Rxf7 {[%emt 0:02:30]} Rf8 {[%emt 0:06:30]} 19. Raf1 {[%emt 0:13:30]} hxg5 {[%emt 0:11:41]} 20. Nxg5 {[%emt 0:00:30]} Qxf1+ {[%emt 0:03:04]} 21. Kxf1 {[%emt 0:01:30]} 1-0

[Event "Turkey IS Bank Super League 2017"]
[Site "Darica-Kocaeli"]
[Date "2017.07.29"]
[Round "4"]
[White "Gokerkan, Cem Kaan"]
[Black "Kesgin, Halit Kaan"]
[Result "1-0"]
[WhiteElo "2321"]
[BlackElo "2207"]
[Annotator "NA"]
[PlyCount "113"]
[EventType "team-tourn"]
[EventCountry "TUR"]
[SourceTitle "playchess.com"]
[Source "ChessBase"]
[SourceQuality "1"]
[TimeControl "40/5400+30:1800+30"]

1. e4 {[%emt 0:02:30]} e6 {[%emt 0:01:00]} 2. d4 {[%emt 0:00:00]} d5 {[%emt 0:00:30]} 3. Nd2 {[%emt 0:00:00]} c5 {[%emt 0:00:30]} 4. exd5 {[%emt 0:00:30]} Qxd5 {[%emt 0:00:00]} 5. Ngf3 {[%emt 0:00:30]} cxd4 {[%emt 0:01:00]} 6. Bc4 {[%emt 0:00:00]} Qd6 {[%emt 0:00:30]} 7. O-O {[%emt 0:00:00]} Nf6 {[%emt 0:00:00]} 8. Nb3 {[%emt 0:01:30]} Nc6 {[%emt 0:00:00]} 9. Nbxd4 {[%emt 0:02:30]} Nxd4 {[%emt 0:00:30]} 10. Nxd4 {[%emt 0:00:00]} a6 {[%emt 0:03:30]} 11. Re1 {[%emt 0:03:00]} Qc7 {[%emt 0:00:30]} 12. Qe2 {[%emt 0:00:30]} Bd6 {[%emt 0:07:30]} 13. Bg5 {[%emt 0:03:30] LiveBook: 62 Games} O-O {[%emt 0:03:30]} 14. h3 $11 {[%emt 0:14:30]} ({White should try} 14. Bxf6 $14 gxf6 15. Bd3) 14... b5 {[%emt 0:11:30]} 15. Bxf6 {[%emt 0:21:30]} gxf6 {[%emt 0:15:30]} 16. Bd3 {[%emt 0:00:30]} f5 {[%emt 0:05:30]} 17. Qh5 {[%emt 0:03:30]} Be5 {[%emt 0:10:30]} 18. Nf3 {[%emt 0:05:30]} Bxb2 {[%emt 0:03:30]} 19. Rab1 {[%emt 0:05:30]} Bg7 {[%emt 0:01:30]} 20. Rb4 {[%emt 0:01:30]} h6 {[%emt 0:06:30]} 21. g4 {[%emt 0:04:30]} fxg4 {[%emt 0:08:51]} 22. Rxg4 {[%emt 0:01:30]} f5 {[%emt 0:00:04]} 23. Qxh6 {[%emt 0:05:30]} Rd8 {[%emt 0:06:34]} 24. Rg6 {[%emt 0:03:30]} Kf8 {[%emt 0:03:31]} 25. Rf6+ {[%emt 0:04:56]} Kg8 {[%emt 0:00:33]} 26. Rg6 {[%emt 0:02:42]} Kf8 {[%emt 0:00:02]} 27. Qh7 {[%emt 0:02:58]} Qf7 {[%emt 0:01:33]} 28. Ng5 {[%emt 0:02:17]} Qg8 {[%emt 0:00:14]} 29. Qxg8+ {[%emt 0:05:55]} Kxg8 {[%emt 0:00:05]} 30. Nxe6 {[%emt 0:01:58]} Bxe6 {[%emt 0:00:30]} 31. Rexe6 {[%emt 0:00:02]} Kf7 {[%emt 0:01:27]} 32. Rxa6 {[%emt 0:00:20]} Rxa6 {[%emt 0:01:13]} 33. Rxa6 {[%emt 0:00:02]} b4 {[%emt 0:00:01]} 34. Ra7+ {[%emt 0:01:09]} Kf8 {[%emt 0:01:22]} 35. Ra5 {[%emt 0:00:18]} Bd4 {[%emt 0:00:27]} 36. Rxf5+ {[%emt 0:00:30]} Kg7 {[%emt 0:00:00]} 37. Kg2 {[%emt 0:00:17]} Ra8 {[%emt 0:00:00]} 38. Rf4 {[%emt 0:00:16]} Bc3 {[%emt 0:00:08]} 39. Bc4 {[%emt 0:00:22]} Rd8 {[%emt 0:00:11]} 40. Bd3 {[%emt 0:00:00]} Ra8 {[%emt 0:00:14]} 41. Bc4 {[%emt 0:04:28]} Rd8 {[%emt 0:00:30]} 42. Re4 {[%emt 0:02:30]} Kf6 {[%emt 0:00:30]} 43. Kg3 {[%emt 0:02:30]} Rd2 {[%emt 0:00:30]} 44. Bd3 {[%emt 0:00:30]} Rd1 {[%emt 0:00:30]} 45. f4 {[%emt 0:01:30]} Ra1 {[%emt 0:00:30]} 46. Bc4 {[%emt 0:00:30]} Kf5 {[%emt 0:00:30]} 47. Kf3 {[%emt 0:02:30]} Rc1 {[%emt 0:01:30]} 48. Bd3 {[%emt 0:00:30]} Kf6 {[%emt 0:00:30]} 49. Rc4 {[%emt 0:00:30]} Ra1 {[%emt 0:00:30]} 50. Rc6+ {[%emt 0:00:30]} Kg7 {[%emt 0:00:00]} 51. Rg6+ {[%emt 0:00:00]} Kf7 {[%emt 0:00:00]} 52. Ra6 {[%emt 0:00:00]} Kg7 {[%emt 0:00:30]} 53. f5 {[%emt 0:00:30]} Bf6 {[%emt 0:01:30]} 54. Rb6 {[%emt 0:02:30]} Bc3 {[%emt 0:00:30]} 55. Rg6+ {[%emt 0:00:00]} Kf8 {[%emt 0:00:00]} 56. Bc4 {[%emt 0:01:00]} Rc1 {[%emt 0:00:00]} 57. f6 {[%emt 0:00:00]} 1-0

[Event "Turkey IS Bank Super League 2017"]
[Site "Darica-Kocaeli"]
[Date "2017.07.29"]
[Round "4"]
[White "Akhsharumova, Anna M"]
[Black "Unuk, Laura"]
[Result "1-0"]
[WhiteElo "2310"]
[BlackElo "2343"]
[Annotator "NA"]
[PlyCount "61"]
[EventType "team-tourn"]
[EventCountry "TUR"]
[SourceTitle "playchess.com"]
[Source "ChessBase"]
[SourceQuality "1"]
[TimeControl "40/5400+30:1800+30"]

1. e4 {[%emt 0:00:30]} e6 {[%emt 0:02:00]} 2. d4 {[%emt 0:00:30]} d5 {[%emt 0:00:30]} 3. Nc3 {[%emt 0:00:00]} Nf6 {[%emt 0:00:00]} 4. e5 {[%emt 0:00:00]} Nfd7 {[%emt 0:00:00]} 5. f4 {[%emt 0:00:00]} c5 {[%emt 0:00:00] LiveBook: 6931 Games} 6. Nf3 {[%emt 0:00:00]} Be7 {[%emt 0:01:00]} 7. Be3 {[%emt 0:00:30]} b6 {[%emt 0:00:00]} 8. h4 {[%emt 0:00:30]} Nc6 {[%emt 0:03:00]} 9. h5 {[%emt 0:02:30]} f5 {[%emt 0:33:30]} 10. exf6 {[%emt 0:02:30]} Bxf6 $14 {[%emt 0:02:30]} 11. Qd2 {[%emt 0:09:30]} O-O {[%emt 0:07:30]} 12. O-O-O {[%emt 0:01:30]} c4 {[%emt 0:05:30]} 13. g4 {[%emt 0:05:30]} b5 {[%emt 0:00:30]} 14. h6 {[%emt 0:20:30]} g6 {[%emt 0:05:30]} 15. f5 {[%emt 0:03:30]} b4 {[%emt 0:00:30]} 16. Ne2 {[%emt 0:02:30]} Qa5 {[%emt 0:02:30]} 17. Kb1 {[%emt 0:02:30]} c3 {[%emt 0:08:30]} 18. Qe1 {[%emt 0:00:30]} Nb6 {[%emt 0:09:05]} 19. fxg6 {[%emt 0:06:30]} Nc4 {[%emt 0:01:16]} 20. gxh7+ {[%emt 0:01:30]} Kf7 {[%emt 0:03:31]} 21. Nc1 {[%emt 0:05:30]} Qa3 {[%emt 0:03:58]} 22. Nd3 {[%emt 0:09:30]} Nxb2 {[%emt 0:04:04]} 23. Bc1 {[%emt 0:01:30]} Ba6 {[%emt 0:04:05]} 24. Bxb2 {[%emt 0:03:30]} cxb2 {[%emt 0:00:08]} 25. Nde5+ {[%emt 0:03:40]} Bxe5 {[%emt 0:02:35]} 26. Nxe5+ {[%emt 0:00:30]} Nxe5 {[%emt 0:00:30]} 27. Qxe5 {[%emt 0:00:00]} b3 {[%emt 0:01:05]} 28. cxb3 {[%emt 0:00:15]} Rac8 {[%emt 0:00:35]} 29. Bxa6 {[%emt 0:00:27]} Qxa6 {[%emt 0:00:29]} 30. Qg7+ {[%emt 0:00:44]} Ke8 {[%emt 0:00:26]} 31. Qxf8+ {[%emt 0:00:20]} 1-0

[Event "Turkey IS Bank Super League 2017"]
[Site "Darica-Kocaeli"]
[Date "2017.07.29"]
[Round "4"]
[White "Agdelen, Huseyin Can"]
[Black "Agirsoy, Omer Faruk"]
[Result "0-1"]
[WhiteElo "2309"]
[BlackElo "1678"]
[Annotator "NA"]
[PlyCount "114"]
[EventType "team-tourn"]
[EventCountry "TUR"]
[SourceTitle "playchess.com"]
[Source "ChessBase"]
[SourceQuality "1"]
[TimeControl "40/5400+30:1800+30"]

1. e4 {[%emt 0:00:30]} e5 {[%emt 0:01:00]} 2. Nf3 {[%emt 0:00:30]} Nc6 {[%emt 0:00:30]} 3. Bb5 {[%emt 0:00:30]} a6 {[%emt 0:00:30]} 4. Ba4 {[%emt 0:00:30]} Nf6 {[%emt 0:00:00]} 5. O-O {[%emt 0:00:00]} Be7 {[%emt 0:00:00]} 6. Re1 {[%emt 0:02:00]} b5 {[%emt 0:00:30]} 7. Bb3 {[%emt 0:00:30]} O-O {[%emt 0:00:30]} 8. h3 {[%emt 0:00:00]} Bb7 {[%emt 0:00:30]} 9. d3 {[%emt 0:08:00]} d5 {[%emt 0:01:30]} 10. exd5 {[%emt 0:04:30]} Nxd5 {[%emt 0:00:00]} 11. Nxe5 {[%emt 0:04:30]} Nd4 {[%emt 0:07:00]} 12. Nc3 {[%emt 0:12:30] LiveBook: 39 Games} Nb4 $11 {[%emt 0:01:30]} 13. Ne2 {[%emt 0:11:30]} Nxb3 {[%emt 0:10:30]} 14. axb3 {[%emt 0:00:30]} Bd6 {[%emt 0:01:30]} 15. d4 {[%emt 0:37:39]} Bxe5 {[%emt 0:05:30]} 16. dxe5 {[%emt 0:00:30]} Qxd1 {[%emt 0:00:00]} 17. Rxd1 {[%emt 0:00:00]} Nxc2 {[%emt 0:00:00]} 18. Rb1 {[%emt 0:00:00]} Rfd8 {[%emt 0:38:30]} 19. Bg5 {[%emt 0:05:51]} Rd5 {[%emt 0:00:30]} 20. Rbc1 {[%emt 0:09:05]} Rxe5 {[%emt 0:00:30]} 21. Rxc2 {[%emt 0:00:04]} Rxg5 {[%emt 0:00:30]} 22. g4 {[%emt 0:00:21]} Bf3 {[%emt 0:04:30]} 23. Rd7 {[%emt 0:00:05]} h5 {[%emt 0:00:30]} 24. Ng3 {[%emt 0:01:12]} hxg4 {[%emt 0:03:30]} 25. Rcxc7 {[%emt 0:00:17]} Rf8 {[%emt 0:09:20]} 26. h4 {[%emt 0:00:26]} Rd5 {[%emt 0:00:16]} 27. Rxd5 {[%emt 0:01:25]} Bxd5 {[%emt 0:00:30]} 28. b4 {[%emt 0:00:00]} Re8 {[%emt 0:00:52]} 29. Nf5 {[%emt 0:00:23]} Re1+ {[%emt 0:02:20]} 30. Kh2 {[%emt 0:00:05]} Bf3 {[%emt 0:00:05]} 31. Kg3 {[%emt 0:01:24]} Re2 {[%emt 0:04:01]} 32. b3 {[%emt 0:00:09]} Rb2 {[%emt 0:00:00]} 33. Nd4 {[%emt 0:00:39]} Bd1 {[%emt 0:00:20]} 34. Ra7 {[%emt 0:00:25]} Rd2 {[%emt 0:00:31]} 35. Nf5 {[%emt 0:00:14]} Rd3+ {[%emt 0:02:02]} 36. Ne3 {[%emt 0:00:08]} Rxb3 {[%emt 0:00:25]} 37. Rxa6 {[%emt 0:00:30]} Bf3 {[%emt 0:00:00]} 38. Rb6 {[%emt 0:00:40]} Rxb4 {[%emt 0:00:00]} 39. Nc2 {[%emt 0:00:21]} Rc4 {[%emt 0:03:22]} 40. Ne3 {[%emt 0:00:00]} Rb4 {[%emt 0:00:56]} 41. h5 {[%emt 0:03:37]} Be2 {[%emt 0:07:30]} 42. Rb8+ {[%emt 0:01:30]} Kh7 {[%emt 0:00:30]} 43. Rb7 {[%emt 0:00:00]} f6 {[%emt 0:00:30]} 44. Rd7 {[%emt 0:06:00]} Kh6 {[%emt 0:06:30]} 45. Nf5+ {[%emt 0:03:30]} Kxh5 {[%emt 0:05:50]} 46. Rxg7 {[%emt 0:01:26]} Bd3 {[%emt 0:00:18]} 47. Ne3 {[%emt 0:04:06]} Bg6 {[%emt 0:01:19]} 48. f3 {[%emt 0:03:29]} gxf3 {[%emt 0:02:02]} 49. Kxf3 {[%emt 0:00:55]} Rd4 {[%emt 0:04:30]} 50. Rc7 {[%emt 0:07:01]} Be4+ {[%emt 0:00:43]} 51. Kg3 {[%emt 0:00:32]} b4 {[%emt 0:00:55]} 52. Rc5+ {[%emt 0:00:41]} Kg6 {[%emt 0:00:04]} 53. Rb5 {[%emt 0:00:00]} f5 {[%emt 0:01:17]} 54. Rb8 {[%emt 0:02:02]} Bd3 {[%emt 0:02:30]} 55. Kf3 {[%emt 0:01:05]} Be4+ {[%emt 0:01:52]} 56. Kg3 {[%emt 0:00:05]} Kf6 {[%emt 0:01:07]} 57. Rb5 {[%emt 0:00:35]} f4+ {[%emt 0:00:10]} 0-1

[Event "Turkey IS Bank Super League 2017"]
[Site "Darica-Kocaeli"]
[Date "2017.07.29"]
[Round "4"]
[White "Karatekin, Tamer"]
[Black "Sanal, Vahap"]
[Result "0-1"]
[WhiteElo "2287"]
[BlackElo "2533"]
[Annotator "TA"]
[PlyCount "134"]
[EventType "team-tourn"]
[EventCountry "TUR"]
[SourceTitle "playchess.com"]
[Source "ChessBase"]
[SourceQuality "1"]

{[%evp 26,134,31,30,48,47,65,51,48,9,73,43,38,15,80,56,114,119,112,91,100,81,99,18,29,25,81,86,77,79,72,-1,-1,-1,-1,-1,-1,-1,0,0,0,0,0,0,0,0,8,2,2,5,11,-5,-5,-6,0,0,0,0,0,0,0,0,0,-12848,-12839,-12666,-12731,-29943,-6016,-6016,-5313,-29958,-29954,-29940,-29954,-29957,-29941,-12679,-10158,-10158,-9188,-10158,-10158,-9147,-5306,-29976,-29978,-29976,-29979,-29979,-29980,-29980,-29980,-29981,-29980,-29980,-29977,-29975,-12257,-29975,-29976,-29983,-29984,-29988,-29989,-29989,-29986,-29991,-29992,-29992,-29993]} 1. c4 Nf6 2. g3 g6 3. Bg2 Bg7 4. Nc3 O-O 5. Nf3 Nc6 6. O-O e5 7. d3 d6 8. Rb1 h6 9. b4 Be6 10. b5 Ne7 11. a4 Qd7 12. Ba3 {A26: English Opening vs King's Indian with ...Nc6 and d3} Bh3 (12... Rfe8 13. Nd2 Rab8 14. a5 b6 15. Nde4 Nh7 16. axb6 axb6 17. Bb2 f5 18. Nd2 Nf6 19. Ra1 d5 20. cxd5 Nexd5 21. Nxd5 Bxd5 22. Bxd5+ Qxd5 {1-0 (74) Nepomniachtchi,I (2705)-Nakamura,H (2816) Baku 2015}) 13. c5 Bxg2 14. Kxg2 {LiveBook: 3 Games. White is slightly better.} Rfe8 15. Qb3 Rad8 16. cxd6 cxd6 17. Rfd1 $146 ({Find the theoretical novelty and annotate with similar games:} 17. e4 g5 18. Nd2 Ng6 19. h3 h5 {1-0 (36) Ramnath,B (2307)-Pradip,G (2121) Noida 2016}) 17... Nh5 (17... Nf5 $11) 18. d4 exd4 19. Nxd4 Qg4 (19... Nf5 $11 20. Nxf5 Qxf5) 20. f3 Qd7 (20... Qg5 $14) 21. e4 $16 g5 22. Nde2 Be5 23. Rd3 Qe6 24. Nd5 (24. Qxe6 $16 fxe6 25. Rbd1) 24... Nxd5 $11 25. Qxd5 Qxd5 (25... g4 $11 {keeps the balance.}) 26. Rxd5 $16 Nf6 27. Rd3 $1 d5 28. Rbd1 (28. f4 $16) 28... Bc7 $11 29. Nc3 {[%cal Rc3d5]} dxe4 30. Nxe4 Nxe4 31. Rxd8 Bxd8 32. fxe4 {[%mdl 4096] Endgame KRB-KRB} Bb6 33. Kf3 f5 34. Re1 Rd8 {Threatens to win with ...Rd3+.} 35. Bc1 $1 Rd3+ 36. Be3 Kf7 37. exf5 Ra3 38. Ke4 {Bxb6 is the strong threat.} Rxa4+ 39. Kd5 $1 Rb4 40. Bxb6 Rxb5+ {KRB-KR} 41. Bc5 {Black must now prevent Kc4.} b6 42. g4 Rxc5+ {KR-KR} 43. Kd6 Kf8 44. Re7 $2 {[%mdl 8192] [#]} (44. Kd7 $11) 44... Rd5+ $1 $19 {[%mdl 512]} 45. Kxd5 Kxe7 {KP-KP} 46. Kc6 a5 (46... Kf6 $142 47. Kb5 Ke5 48. Kc6 h5 $1 {[%mdl 512]} 49. h3 Kf6 50. Kd5 h4 51. Kd6 a5 52. Kd5 b5 53. Kc5 a4 54. Kb4 Ke5 55. Ka3 Kd6 56. Kb4 Kd5 57. Ka3 Kc6 58. Kb4 Kd6 59. Kc3 Kc6 60. Kb4 Kd6 61. Kc3 Kc5 62. Kb2 b4 63. Kc2 Kd6 64. Kb2 b3 65. Kc3 Kc5 66. f6 Kd6 67. Kb2 Ke6 68. Kc3 Kxf6 69. Kb2 Ke5 70. Ka3 Kf4 71. Kxa4 b2 72. Kb4 b1=Q+ 73. Kc4 Ke5 74. Kc3 Qb5 75. Kd2 Kd4 76. Kc2 Qb4 77. Kd1 Qb2 78. Ke1 Ke3 79. Kf1 Qf2#) 47. Kb5 Kf6 48. h3 Ke5 49. Ka4 Kd5 50. Kb5 {[#]} Kd6 $1 {[%cal Rd6d7]} 51. Ka4 Kc6 52. Kb3 b5 {[%cal Bb6b5,Bb5b4,Bb4b3][%mdl 32]} 53. Ka3 Kd5 54. Kb3 Kc5 55. Ka3 a4 56. Ka2 b4 57. Kb2 Kd5 58. Ka2 Kd6 59. Kb2 Kc6 60. Ka2 b3+ 61. Kb2 Kd6 (61... Kd5 $142 62. Kc3 Kc5 63. Kd2 Kd5 64. Kd3 a3 65. Kc3 a2 66. Kb2 Kc4 67. f6 Kd3 68. Kxb3 a1=Q 69. Kb4 Qxf6 70. Kc5 Qe6 71. Kb5 Qd6 72. h4 Kc3 73. h5 Kb3 74. Ka5 Kc4 75. Ka4 Qb4#) 62. Kc3 Kc5 {Black mates.} 63. Kd2 a3 {[%cal Ba4a3,Ba3a2][%mdl 32]} 64. Kc3 {[#]} a2 $1 (64... b2 $2 65. Kc2 $19) 65. Kb2 Kd5 66. Ka1 Kd4 67. Kb2 Kd3 {Precision: White = 48%, Black = 59%.} 0-1